<?xml version="1.0" encoding="UTF-8"?><?xml-stylesheet type="text/xsl" href="static/style.xsl"?><OAI-PMH xmlns="http://www.openarchives.org/OAI/2.0/" xmlns:xsi="http://www.w3.org/2001/XMLSchema-instance" xsi:schemaLocation="http://www.openarchives.org/OAI/2.0/ http://www.openarchives.org/OAI/2.0/OAI-PMH.xsd"><responseDate>2026-06-29T01:19:07Z</responseDate><request verb="GetRecord" identifier="oai:docta.ucm.es:20.500.14352/121687" metadataPrefix="marc">https://docta.ucm.es/rest/oai/request</request><GetRecord><record><header><identifier>oai:docta.ucm.es:20.500.14352/121687</identifier><datestamp>2025-06-24T00:16:20Z</datestamp><setSpec>com_20.500.14352_14</setSpec><setSpec>col_20.500.14352_15</setSpec></header><metadata><record xmlns="http://www.loc.gov/MARC21/slim" xmlns:dcterms="http://purl.org/dc/terms/" xmlns:xsi="http://www.w3.org/2001/XMLSchema-instance" xmlns:doc="http://www.lyncode.com/xoai" xsi:schemaLocation="http://www.loc.gov/MARC21/slim http://www.loc.gov/standards/marcxml/schema/MARC21slim.xsd">
   <leader>00925njm 22002777a 4500</leader>
   <datafield ind2=" " ind1=" " tag="042">
      <subfield code="a">dc</subfield>
   </datafield>
   <datafield ind2=" " ind1=" " tag="720">
      <subfield code="a">Sánchez Sanz, Arturo</subfield>
      <subfield code="e">author</subfield>
   </datafield>
   <datafield ind2=" " ind1=" " tag="260">
      <subfield code="c">2022</subfield>
   </datafield>
   <datafield ind2=" " ind1=" " tag="520">
      <subfield code="a">“Masada no volverá a caer”, afirmaba el poeta Yitzhak Lamdan en 1927, y sus palabras inspiraron al pueblo israelí recordando el valor frente a la opresión demostrado por los 960 hombres, mujeres y niños que decidieron suicidarse antes de caer frente a sus enemigos. Flavio Josefo narra el asedio del último bastión rebelde durante la Primera Guerra Judeo-romana (66-73 d.C.) pero ¿realmente sucedió así? ¿Eso es lo que hicieron aquellos rebeldes la noche del 14-15 de abril del 73 d.C.? El verdadero problema es que no podemos estar seguros.</subfield>
   </datafield>
   <datafield ind1="8" ind2=" " tag="024">
      <subfield code="a">1696-7755</subfield>
   </datafield>
   <datafield ind1="8" ind2=" " tag="024">
      <subfield code="a">https://hdl.handle.net/20.500.14352/121687</subfield>
   </datafield>
   <datafield ind1="8" ind2=" " tag="024">
      <subfield code="a">https://historia.nationalgeographic.com.es/edicion-impresa/historia-national-geographic-227_17748</subfield>
   </datafield>
   <datafield ind2="0" ind1="0" tag="245">
      <subfield code="a">Masada. El último bastión judío frente a Roma</subfield>
   </datafield>
</record></metadata></record></GetRecord></OAI-PMH>